| 000 | 00572nam a22002057a 4500 | ||
|---|---|---|---|
| 003 | OSt | ||
| 005 | 20140310181739.0 | ||
| 008 | 130322t xxu||||| |||| 00| 0 eng d | ||
| 020 | _a9971643758 | ||
| 050 |
_aBF 723 _b.H174 1994 |
||
| 082 |
_aTR 152.46 _bH143 1994 |
||
| 245 |
_aConfident kids: _bhelping your child cope with fear / _cJanet Hall. |
||
| 260 |
_aSingapore: _bHeinemann Asia, _c1994. |
||
| 300 |
_avii, 120 p; _c22 cm. |
||
| 520 | _a1. Fear--I. Materson, Neil--II. Title | ||
| 521 | _aFaculty | ||
| 541 | _j1 | ||
| 562 | _e1 | ||
| 942 |
_2lcc _cBK-TR _kTR |
||
| 999 |
_c2709 _d2709 |
||